00301nam a2200109Ia 4500008004100000041000800041082001500049100001900064245005300083260004700136300000800183231228s9999 xx 000 0 und d aeng a332.6bBRE aBRENNAN (Jack) aStraight talk on investing what you need to know aNew DelhibWiley India Pvt. Ltd. New Delhi a239